Antología personal

La obra de Rafael Alberti ( Puerto de Santa María, Cadíz, 1902-1999) ha sido comparada con la de Picasso por su intensidad y su extensión. Dicha extensión es perceptible en la variedad de temas, formas, estilos y tonos poéticos que están siempre presentes en su obra poética. En esta antología, que e...

Full description

Bibliographic Details
Main Author: Alberti, Rafael 1902-1999
Format: Libro Literatura
Language:Spanish
Published: Madrid: Visor, 1996.
Series:Visor de Poesía ; 350
Subjects:
Online Access:

MARC

LEADER 00000cam a2200000 4500
003 UAHC
005 20190923160620.0
008 190912s1996 sp |||| |||| 00| 0 spa |
952 |0 0  |1 0  |2 ddc  |4 0  |6 861_000000000000000_ALB  |7 0  |8 BAS  |9 92817  |a BR  |b BR  |c General  |d 2019-09-12  |o 861 ALB  |p 1471341  |r 2026-01-13 00:00:00  |t c.1  |w 2019-09-12  |y BKL  |A 168  |B LENG 
952 |0 0  |1 0  |2 ddc  |4 0  |6 861_000000000000000_ALB  |7 0  |8 BAS  |9 92828  |a BC  |b BC  |c General  |d 2019-09-23  |o 861 ALB  |p 5080  |r 2019-12-02 00:00:00  |w 2019-09-23  |y CD 
999 |c 52538  |d 52538 
020 |a 8475223508 
035 |a PEDAGOGÍA 
040 |a UAHC_CL  |c UAHC_CL  |d UAHC_CL 
082 |2 21  |a 861  |b A334 
100 |a Alberti, Rafael  |9 6717  |d 1902-1999 
245 |a Antología personal  |c Rafael Alberti. 
260 |a Madrid:  |b Visor,  |c 1996. 
300 |a 72 p.  |e + 1 cd 
440 |9 9226  |a Visor de Poesía  |v ; 350 
520 |a La obra de Rafael Alberti ( Puerto de Santa María, Cadíz, 1902-1999) ha sido comparada con la de Picasso por su intensidad y su extensión. Dicha extensión es perceptible en la variedad de temas, formas, estilos y tonos poéticos que están siempre presentes en su obra poética. En esta antología, que el propio Alberti seleccionó de su obra, puede encontrar el lector muestras de lo más representativo de su obra. 
650 0 |9 8627  |a Poesía española 
650 0 |9 9197  |a Generación del 27 (Grupo de poetas) 
942 |2 ddc  |c BKL